| 000 | 00585cam a22002172a 4500 | ||
|---|---|---|---|
| 001 | 006605 | ||
| 003 | AR-FADEU | ||
| 008 | 311216n1970####xxu####################dd | ||
| 092 |
_a306.1 _bV157 |
||
| 100 | _aValentine, Charles | ||
| 245 | _aLa cultura de la pobreza : crítica y contrapuestas | ||
| 260 | _aBuenos Aires | ||
| 260 | _bAmorrortu | ||
| 260 | _c1970 | ||
| 300 | _a223 p | ||
| 440 | _aBiblioteca de sociología | ||
| 500 | _aIncluye bibliografía | ||
| 700 | _aLeandro, Wolfson, tr. | ||
| 650 | _aCULTURA; CLASE BAJA-CULTURA; POBREZA Y CULTURA | ||
| 942 | _cBDGR | ||
| 999 |
_c12424 _d12424 |
||